दोषमुक्तिः (Record no. 50916)

MARC details
000 -LEADER
fixed length control field 01163nam a22003017a 4500
005 - DATE AND TIME OF LATEST TRANSACTION
control field 2010091802302.0
008 - FIXED-LENGTH DATA ELEMENTS--GENERAL INFORMATION
fixed length control field 100915t xxu||||| |||| 00| 0 hin d
010 ## - LCCN (DPL NO)
LC control number HIN-91974
020 ## - INTERNATIONAL STANDARD BOOK NUMBER
Terms of availability 300.00
International Standard Book Number 9788173231865
035 ## - SYSTEM CONTROL NUMBER
System control number HN-64320
037 ## - SOURCE OF ACQUISITION
Source of stock number/acquisition DBAD / PUB
040 ## - CATALOGING SOURCE
Original cataloging agency DPL
Language of cataloging HN
082 ## - DEWEY DECIMAL CLASSIFICATION NUMBER
Classification number
100 ## - MAIN ENTRY--PERSONAL NAME
9 (RLIN) 20178
Personal name मिश्र, चन्द्र दत्त
110 ## - MAIN ENTRY--CORPORATE NAME
9 (RLIN) 26418
245 ## - TITLE STATEMENT
Title दोषमुक्तिः
Statement of responsibility, etc चन्द्र दत्त मिश्र
Remainder of title उपन्यास /
246 ## - VARYING FORM OF TITLE
Title proper/short title Doshmukti
Remainder of title by Chandra Dutt Misra
260 ## - PUBLICATION, DISTRIBUTION, ETC. (IMPRINT)
Place of publication, distribution, etc लखनऊ
Name of publisher, distributor, etc सुलभ प्रकाशन
Date of publication, distribution, etc 2010
270 ## - ADDRESS
Address 17, अशोक मार्ग
City लखनऊ
Telephone number 0522- 22880381
300 ## - PHYSICAL DESCRIPTION
Extent 279पृ.
Dimensions 22सेमी (सजिल्द)
650 ## - SUBJECT ADDED ENTRY--TOPICAL TERM
9 (RLIN) 1159
Topical term or geographic name as entry element हिन्दी कथा साहित्य
650 ## - SUBJECT ADDED ENTRY--TOPICAL TERM
9 (RLIN) 26117
Topical term or geographic name as entry element Hindi Novel
700 ## - ADDED ENTRY--PERSONAL NAME
9 (RLIN) 20179
700 ## - ADDED ENTRY--PERSONAL NAME
9 (RLIN) 20333
700 ## - ADDED ENTRY--PERSONAL NAME
9 (RLIN) 20540
942 ## - ADDED ENTRY ELEMENTS (KOHA)
Source of classification or shelving scheme Dewey Decimal Classification
Item type Hindi Books
Call number suffix मिश्रच
Classification part
Holdings
Withdrawn status Lost status Source of classification or shelving scheme Damaged status Not for loan Collection code Home library Current library Date acquired Source of acquisition Cost, normal purchase price Total Checkouts Full call number Barcode Date last seen Copy number Cost, replacement price Koha item type
    Dewey Decimal Classification   Not For Loan Fiction D.B.Act.Division D.B.Act.Division 07/03/2011 DBAD /PUB 300.00   उ मिश्रच HN-64320 07/03/2011 1 300.00 Hindi Books

© Delhi Public Library
Hit Counter
free hit counter